Hợp đồng cung cấp dịch vụ công với giải pháp nâng cao hiệu quả sử dụng ngân sách nhà nước /

Gardado en:
Detalles Bibliográficos
Autor Principal: Võ Kim Sơn
Formato: Artigo
Idioma:Vietnamese
Những chủ đề:
Các nhãn: Engadir etiqueta
Sen Etiquetas, Sexa o primeiro en etiquetar este rexistro!
Thư viện lưu trữ: Thư viện Trường Đại học Đà Lạt
LEADER 00771nam a2200265 4500
001 DLU060050532
040 # # |a DLU  |b vie 
041 # # |a vie 
044 # # |a vn 
100 # # |a Võ Kim Sơn 
245 # # |a Hợp đồng cung cấp dịch vụ công với giải pháp nâng cao hiệu quả sử dụng ngân sách nhà nước /  |c Võ Kim Sơn 
653 # # |a Dịch vụ 
653 # # |a Hành chính 
773 # # |t Quản lý nhà nước  |g Số 102, 2004, tr.18-22 
920 # # |a Phòng Tạp chí -- Trung tâm Thông tin - Thư viện Trường Đại học Đà Lạt 
933 # # |a LH 
994 # # |a DLU 
900 # # |a True 
911 # # |a Nguyễn Thị Yên 
925 # # |a G 
926 # # |a A 
927 # # |a BB 
980 # # |a Thư viện Trường Đại học Đà Lạt